[Event "Mecklenburg VP-ch U18"]
[Site "Malchow"]
[Date "2014.02.03"]
[Round "4"]
[White "Decker, Lutz"]
[Black "Schwark, Markus"]
[Result "0-1"]
[WhiteElo "1027"]
[BlackElo "1252"]
[PlyCount "36"]
[EventDate "2014.02.01"]
[EventType "swiss"]
[EventRounds "7"]
[EventCountry "GER"]
[SourceTitle "EXT 2017"]
[Source "ChessBase"]
[SourceDate "2016.10.25"]
[SourceVersion "1"]
[SourceVersionDate "2016.10.25"]
[SourceQuality "1"]

1. e4 c5 2. Nf3 a6 3. a4 e6 4. d4 cxd4 5. Qxd4 Nc6 6. Qc3 Bb4 7. Bc4 Bxc3+ 8. Nxc3 Nb4 9. Bb3 Ne7 10. 0-0 0-0 11. Be3 Qc7 12. Rfd1 d6 13. Rd4 Nbc6 14. Rd2 Rb8 15. Bc4 Rd8 16. Rad1 Na5 17. Bf4 Nxc4 18. e5 Nxd2 0-1

[Event "Mecklenburg VP-ch U18"]
[Site "Malchow"]
[Date "2014.02.03"]
[Round "5"]
[White "Schwark, Markus"]
[Black "Lansky, Georg"]
[Result "0-1"]
[WhiteElo "1252"]
[BlackElo "1895"]
[PlyCount "36"]
[EventDate "2014.02.01"]
[EventType "swiss"]
[EventRounds "7"]
[EventCountry "GER"]
[SourceTitle "EXT 2017"]
[Source "ChessBase"]
[SourceDate "2016.10.25"]
[SourceVersion "1"]
[SourceVersionDate "2016.10.25"]
[SourceQuality "1"]

1. d4 d5 2. Bf4 Nf6 3. e3 e6 4. Bd3 Be7 5. Nf3 0-0 6. h3 c5 7. c3 Nc6 8. 0-0 c4 9. Bc2 b5 10. a3 Bb7 11. Nbd2 a5 12. b4 cxb3 13. Nxb3 Qb6 14. Qd3 b4 15. Ne5 Ba6 16. Nd7 Bxd3 17. Nxb6 Bxc2 18. Nxa8 Bxb3 0-1

[Event "Mecklenburg VP-ch U14"]
[Site "Malchow"]
[Date "2011.02.14"]
[Round "1.10"]
[White "Schwark, Markus"]
[Black "Goeths, Paul"]
[Result "0-1"]
[WhiteElo "849"]
[BlackElo "1079"]
[PlyCount "74"]
[EventDate "2011.02.14"]
[EventType "swiss"]
[EventRounds "7"]
[EventCountry "GER"]
[SourceTitle "EXT 2022"]
[Source "ChessBase"]
[SourceDate "2021.10.06"]
[SourceVersion "1"]
[SourceVersionDate "2021.10.06"]
[SourceQuality "1"]

1. d4 d5 2. Bf4 Bf5 3. e3 e6 4. c4 c6 5. Nc3 Nf6 6. Nf3 Bb4 7. Qa4 Qa5 8. Qxa5 Bxa5 9. Be2 Ne4 10. Rc1 Nd7 11. 0-0 0-0 12. Ne5 Nb6 13. c5 f6 14. cxb6 fxe5 15. Bxe5 axb6 16. Nxe4 Bxe4 17. Bg4 Kh8 18. Bxe6 Bd3 19. Rfd1 Be2 20. Bd6 Rf6 21. Rb1 Bxd1 22. Rxd1 Rxe6 23. Be5 c5 24. Rb1 Bb4 25. a3 cxd4 26. Bxd4 Bc5 27. Bc3 Re4 28. b4 Bd6 29. Bb2 Be5 30. Bxe5 Rxe5 31. Rc1 h6 32. h3 Rxa3 33. Rc8+ Kh7 34. Rb8 Ra4 35. Rxb7 Rxb4 36. f4 Rxe3 37. Kh2 Kg6 0-1

[Event "Mecklenburg VP-ch U14"]
[Site "Malchow"]
[Date "2011.02.14"]
[Round "2.9"]
[White "Wagner, Swenja"]
[Black "Schwark, Markus"]
[Result "1-0"]
[WhiteElo "1033"]
[BlackElo "849"]
[PlyCount "53"]
[EventDate "2011.02.14"]
[EventType "swiss"]
[EventRounds "7"]
[EventCountry "GER"]
[SourceTitle "EXT 2022"]
[Source "ChessBase"]
[SourceDate "2021.10.06"]
[SourceVersion "1"]
[SourceVersionDate "2021.10.06"]
[SourceQuality "1"]

1. e4 b6 2. d4 Bb7 3. Nc3 Nf6 4. Bd3 e6 5. Bg5 Be7 6. Nf3 d6 7. Qe2 Nbd7 8. 0-0-0 0-0 9. e5 Nd5 10. Bxe7 Qxe7 11. h4 Nf4 12. Qf1 Nxd3+ 13. Qxd3 f6 14. exd6 cxd6 15. Rde1 e5 16. h5 f5 17. h6 e4 18. Qd2 exf3 19. Rxe7 fxg2 20. Rg1 Rf6 21. hxg7 Rf7 22. Rxf7 Kxf7 23. Qg5 Nf6 24. Qxf5 Rg8 25. Nb5 Kxg7 26. Nxd6 Bc6 27. Qg5+ 1-0